00382nam a22001097a 4500003000400000082001800004100001300022245018000035260002600215300000700241650002400248SGT a617.645bC24R aRini C.  aClinical Evaluation of preformed stainless-steel crowns placed with modified versus standard hall technique in management of occluso-proximal dentinal caries in primary molars bSGT University c2024 a73 aPediatric Dentistry